00242nam a2200097Ia 4500008004100000100002500041245003500066260001900101942000700120999001700127190216s9999||||xx |||||||||||||| ||und|| aProf.Venga Swamy N S 0aRajaji The Love Voice 194-1947 bOrient Longman cBK c19068d19068